000 00652nam a2200241 a 4500
001 0001-1169
003 ELIB.Books
008 150507 2010 eng
020 _a080102157X
035 _a(ELIB.Books)0001-1324
092 _a225.9
_bElw
100 _aElwell, Walter A.
245 _aReading From the First-Century World
_bPrimary Sources for New Testament Study
260 _aGrand Rapids
_bBaker Books
_c2004
300 _a223
_c23 Cm
500 _aC/o Moe Lwei
650 _aNew Testament
856 _nKBTS: Library
_uKBTS: Elib
942 _2ddc
_cBK
990 _a1
998 _cbat
_e2015-05-07
999 _c11169
_d11169